La grande chasse aux sorcières : Histoire d'une répression XVe-XVIIIe siècle (notice n° 2005932)

détails MARC
000 -LEADER
fixed length control field 01454cam a2200133 4500500
005 - DATE AND TIME OF LATEST TRANSACTION
control field 20260329054714.0
041 ## - LANGUAGE CODE
Language code of text/sound track or separate title fre
042 ## - AUTHENTICATION CODE
Authentication code dc
100 10 - MAIN ENTRY--PERSONAL NAME
Personal name Viallet, Ludovic
Relator term author
245 00 - TITLE STATEMENT
Title La grande chasse aux sorcières : Histoire d'une répression XVe-XVIIIe siècle
260 ## - PUBLICATION, DISTRIBUTION, ETC.
Name of publisher, distributor, etc. Armand Colin,<br/>
Date of publication, distribution, etc. 2022.<br/>
520 ## - SUMMARY, ETC.
Summary, etc. Entre les XVe et XVIIIe siècles, la chasse aux sorciers et sorcières a fait des dizaines de milliers de morts en Europe. Accusées de pacte avec le diable, de crimes abominables et de maléfices, les victimes, essentiellement des femmes, ont dû endosser la responsabilité des malheurs de toute sorte frappant individus et communautés. Expié sur les bûchers, ce crime imaginaire a été largement théorisé par les juristes et les théologiens, souvent tenaillés par l’obsession diabolique et animés par une volonté d’uniformité sociale. Mais il a d’abord été nourri des peurs et croyances collectives, des failles béantes de la nature humaine et des machineries des administrations alors en construction. Si les pouvoirs civils, prenant le relais de l’Église, ont très vite traqué les adeptes de Satan, « déviants » devenus criminels absolus, ce sont également eux qui ont progressivement éteint les feux d’une répression devenue destructrice de l’ordre social.
856 41 - ELECTRONIC LOCATION AND ACCESS
Uniform Resource Identifier <a href="https://shs.cairn.info/la-grande-chasse-aux-sorcieres--9782200629854?lang=fr&redirect-ssocas=7080">https://shs.cairn.info/la-grande-chasse-aux-sorcieres--9782200629854?lang=fr&redirect-ssocas=7080</a>

Pas d'exemplaire disponible.

PLUDOC

PLUDOC est la plateforme unique et centralisée de gestion des bibliothèques physiques et numériques de Guinée administré par le CEDUST. Elle est la plus grande base de données de ressources documentaires pour les Étudiants, Enseignants chercheurs et Chercheurs de Guinée.

Adresse

627 919 101/664 919 101

25 boulevard du commerce
Kaloum, Conakry, Guinée

Réseaux sociaux

Powered by Netsen Group @ 2025